000 00821nam a2200217Ia 4500
999 _c39460
_d39460
001 6054
003 GE_BSU
005 20190925104708.0
008 181216s1956||||ge |||||||||||||| ||geo||
040 _cGE_BSU
041 _ageo
080 _a821.353.1-31 ა-76
100 _aარაგვისპირელი, შიო
_94299
245 _aგაბზარული გული :
_bრომანი /
_cშიო არაგვისპირელი ; რედ. ა. დოხნაძე.
264 _aთბილისი :
_bსაბლიტგამი ;
_c1956.
300 _a224 გვ. ;
_c22 სმ.
653 _aგაბზარული გული
653 _aრომანი
700 _aდოხნაძე, ა.
_eრედაქტორი
_94304
942 _cBK
_2udc